| 000 | 00000nam 2200000za 4500 |
| 001 | 9.843327 |
| 003 | CaOODSP |
| 005 | 20240912142104 |
| 007 | cr ||||||||||| |
| 008 | 170911s2017 oncabd o f000 0 eng d |
| 040 | |aCaOODSP|beng |
| 043 | |an-cn--- |
| 086 | 1 |aSC103-31/2017E-PDF |
| 110 | 2 |aCanada School of Public Service. |
| 245 | 10|aReport to Parliament, 2011-2016 |h[electronic resource] / |cthe Canada School of Public Service. |
| 260 | |a[Ottawa] : |bCanada School of Public Service, |c[2017] |
| 300 | |a24 p. : |bcol. charts, col. ill., col. map |
| 500 | |aIssued also in French under title: Rapport au Parlement, 2011-2016. |
| 500 | |aCover title. |
| 500 | |aIssued also in HTML format. |
| 520 | 3 |aReports on the activities of the School. This report fulfills the requirement contained in subsection 19(3) of the Canada School of Public Service Act, which stipulates that such a report be made every five years. |
| 692 | 07|2gccst|aPublic service |
| 692 | 07|2gccst|aEducation |
| 775 | 08|tRapport au Parlement, 2011-2016 |w(CaOODSP)9.843330 |
| 794 | |tReport to Parliament 2016-2023 / |w(CaOODSP)9.933721 |
| 856 | 40|qPDF|s1.24 MB|uhttps://publications.gc.ca/collections/collection_2017/efpc-csps/SC103-31-2017-eng.pdf |
| 856 | 4 |qHTML|sN/A|uhttps://www.csps-efpc.gc.ca/About_Us/currentreport/reportparliament2011-16/index-eng.aspx |